00278nam a2200109Ia 4500008004100000082001600041100001900057245004500076260002300121300000800144650001600152191201s2004 xx 000 0 und d a511.32bKLF aKLIR, George J 0aFuzzy Sets, Uncertainty, and Information aN.DelhibPHIc2004 a355 aB.Tech(ECE)